Normal view
MARC view
Entry Personal Name
001 - CONTROL NUMBER
- control field: 162921
003 - CONTROL NUMBER IDENTIFIER
- control field: OSt
005 - DATE AND TIME OF LATEST TRANSACTION
- control field: 20220923213026.0
008 - FIXED-LENGTH DATA ELEMENTS
- fixed length control field: 220923|| aca||aabn | a|a d
040 ## - CATALOGING SOURCE
- Original cataloging agency: OSt
- Transcribing agency: OSt
100 ## - HEADING--PERSONAL NAME
- Personal name: माथुर, सुरेन्द्र; पालीवाल, कृष्णदत्त
670 ## - SOURCE DATA FOUND
- Source citation: Work cat.: (OSt)313200: माथुर, सुरेन्द्र; पालीवाल, कृष्णदत्त, क्यो न इसको पख दूं, 1970
